Newcastle United Biggest Transfers - Statistics

General Stats
  • This quiz has been taken 81 times
    31 since last reset
  • The average score is 89 of 256
Answer Stats
% Correct
Arrivals Sweden ST 22 Alexander Isak 22/23 Real Sociedad €70.00m
91%
Arrivals Italy CM 23 Sandro Tonali 23/24 Milan €58.90m
91%
Arrivals England LW 21 Anthony Gordon 22/23 Everton €45.60m
86%
Departures Senegal ST 27 Demba Ba 12/13 Chelsea €8.50m
86%
Arrivals Brazil ST 22 Joelinton 19/20 Hoffenheim €43.50m
86%
Arrivals Netherlands CB 22 Sven Botman 22/23 Lille €37.00m
86%
Arrivals Brazil DM 24 Bruno Guimarães 21/22 Lyon €42.10m
82%
Arrivals England ST 28 Callum Wilson 20/21 Bournemouth €22.25m
82%
Arrivals New Zealand ST 30 Chris Wood 21/22 Burnley €30.00m
82%
Departures New Zealand ST 31 Chris Wood 23/24 Nottingham Forest €17.00m
82%
Departures New Zealand ST 31 Chris Wood 22/23 Nottingham Forest €4.50m
82%
Arrivals England LW 25 Harvey Barnes 23/24 Leicester City €44.00m
82%
Arrivals England LB 19 Lewis Hall 24/25 Chelsea €33.00m
82%
Arrivals England RB 20 Tino Livramento 23/24 Southampton €37.20m
82%
Arrivals England ST 25 Alan Shearer 96/97 Blackburn Rovers €18.00m
77%
Arrivals England CM 21 Joe Willock 21/22 Arsenal €29.40m
77%
Arrivals England RB 31 Kieran Trippier 21/22 Atlético Madrid €14.00m
73%
Arrivals England ST 25 Michael Owen 05/06 Real Madrid €25.00m
73%
Arrivals Paraguay RW 24 Miguel Almirón 18/19 Atlanta United €24.00m
73%
Departures Paraguay RW 30 Miguel Almirón 24/25 Atlanta United €9.55m
73%
Arrivals England CB 29 Dan Burn 21/22 Brighton & Hove Albion €15.00m
68%
Arrivals England GK 30 Nick Pope 22/23 Burnley €11.50m
64%
Arrivals Senegal ST 26 Papiss Cissé 11/12 Freiburg €12.00m
64%
Departures Senegal ST 31 Papiss Cissé 16/17 Shandong Luneng €5.85m
64%
Arrivals Serbia ST 20 Aleksandar Mitrović 15/16 Anderlecht €18.50m
59%
Departures Serbia ST 23 Aleksandar Mitrović 18/19 Fulham €24.70m
59%
Arrivals France LW 22 Allan Saint-Maximin 19/20 Nice €18.00m
59%
Departures France LW 26 Allan Saint-Maximin 23/24 Al-Ahli €27.20m
59%
Arrivals Spain SS 20 Ayoze Pérez 14/15 Tenerife €2.00m
59%
Departures Spain SS 25 Ayoze Pérez 19/20 Leicester City €33.40m
59%
Arrivals Ireland ST 33 Daryl Murphy 16/17 Ipswich Town €3.50m
59%
Departures Ireland ST 34 Daryl Murphy 17/18 Nottingham Forest €2.30m
59%
Arrivals Netherlands CM 24 Georginio Wijnaldum 15/16 PSV €20.00m
59%
Departures Netherlands CM 25 Georginio Wijnaldum 16/17 Liverpool €27.50m
59%
Arrivals England RW 22 Jacob Murphy 17/18 Norwich City €11.30m
59%
Arrivals Northern Ireland LB 22 Jamal Lewis 20/21 Norwich City €16.50m
59%
Arrivals France AM 23 Moussa Sissoko 12/13 Toulouse €2.00m
59%
Departures France AM 27 Moussa Sissoko 16/17 Tottenham Hotspur €35.00m
59%
Arrivals Denmark ST 21 William Osula 24/25 Sheffield United €11.60m
59%
Arrivals Sweden ST 23 Andreas Andersson 97/98 Milan €4.13m
55%
Departures Sweden ST 25 Andreas Andersson 99/00 AIK €2.75m
55%
Departures England ST 22 Andy Carroll 10/11 Liverpool €41.00m
55%
Departures England CM 21 Elliot Anderson 24/25 Nottingham Forest €41.20m
55%
Arrivals Switzerland CB 26 Fabian Schär 18/19 Deportivo La Coruña €4.00m
55%
Arrivals England LB 26 Matt Targett 22/23 Aston Villa €17.50m
55%
Arrivals Nigeria ST 21 Obafemi Martins 06/07 Inter Milan €16.00m
55%
Departures Nigeria ST 24 Obafemi Martins 09/10 Wolfsburg €10.50m
55%
Arrivals Greece GK 30 Odysseas Vlachodimos 24/25 Nottingham Forest €23.60m
55%
Arrivals England CM 26 Alan Smith 07/08 Manchester United €9.00m
50%
Arrivals France LW 28 David Ginola 95/96 Paris Saint-Germain €2.85m
50%
Departures France LW 30 David Ginola 97/98 Tottenham Hotspur €2.85m
50%
Arrivals England CB 20 Jamaal Lascelles 14/15 Nottingham Forest €5.00m
50%
Arrivals England CB 23 Jonathan Woodgate 02/03 Leeds United €13.50m
50%
Departures England CB 24 Jonathan Woodgate 04/05 Real Madrid €18.30m
50%
Arrivals England CM 23 Jonjo Shelvey 15/16 Swansea City €16.00m
50%
Departures England CM 30 Jonjo Shelvey 22/23 Nottingham Forest €6.50m
50%
Departures England CB 26 Lloyd Kelly 25/26 Juventus €17.20m
50%
Departures England CB 26 Lloyd Kelly 24/25 Juventus €3.80m
50%
Arrivals Scotland RM 26 Matt Ritchie 16/17 Bournemouth €12.00m
50%
Arrivals Spain DM 22 Mikel Merino 18/19 Borussia Dortmund €7.00m
50%
Arrivals Spain DM 21 Mikel Merino 17/18 Borussia Dortmund €3.00m
50%
Departures Spain DM 22 Mikel Merino 18/19 Real Sociedad €12.00m
50%
Arrivals Ireland GK 21 Shay Given 97/98 Blackburn Rovers €2.25m
50%
Departures Ireland GK 32 Shay Given 08/09 Manchester City €9.00m
50%
Arrivals Ireland RB 27 Stephen Carr 04/05 Tottenham Hotspur €3.00m
50%
Arrivals England ST 21 Andrew Cole 92/93 Bristol City €2.70m
45%
Departures England ST 23 Andrew Cole 94/95 Manchester United €9.60m
45%
Arrivals Ghana LW 25 Christian Atsu 17/18 Chelsea €7.50m
45%
Arrivals Sweden RB 25 Emil Krafth 19/20 Amiens €5.40m
45%
Arrivals France RW 22 Florian Thauvin 15/16 Marseille €18.35m
45%
Departures France RW 24 Florian Thauvin 17/18 Marseille €11.00m
45%
Arrivals Spain ST 27 Joselu 17/18 Stoke City €5.50m
45%
Departures Spain ST 29 Joselu 19/20 Alavés €2.24m
45%
Arrivals Slovakia GK 29 Martin Dúbravka 18/19 Sparta Prague €4.00m
45%
Arrivals Slovakia GK 29 Martin Dúbravka 17/18 Sparta Prague €2.00m
45%
Departures Slovakia GK 33 Martin Dúbravka 22/23 Manchester United €2.30m
45%
Arrivals France RB 27 Mathieu Debuchy 12/13 Lille €6.20m
45%
Departures France RB 28 Mathieu Debuchy 14/15 Arsenal €15.00m
45%
Arrivals Venezuela ST 28 Salomón Rondón 18/19 West Bromwich Albion €2.20m
45%
Arrivals Gambia RW 18 Yankuba Minteh 23/24 Odense €8.00m
45%
Departures Gambia RW 19 Yankuba Minteh 24/25 Brighton & Hove Albion €35.00m
45%
Arrivals France CM 25 Yohan Cabaye 11/12 Lille €5.00m
45%
Departures France CM 28 Yohan Cabaye 13/14 Paris Saint-Germain €25.00m
45%
Arrivals England RW 24 Andros Townsend 15/16 Tottenham Hotspur €15.70m
41%
Departures England RW 24 Andros Townsend 16/17 Crystal Palace €15.60m
41%
Arrivals DR Congo CB 20 Chancel Mbemba 15/16 Anderlecht €12.00m
41%
Departures DR Congo CB 23 Chancel Mbemba 18/19 Porto €4.66m
41%
Arrivals Ivory Coast DM 24 Cheick Tioté 10/11 Twente €4.28m
41%
Arrivals Ireland RM 27 Damien Duff 06/07 Chelsea €15.50m
41%
Departures Ireland RM 30 Damien Duff 09/10 Fulham €4.00m
41%
Arrivals Scotland ST 26 Duncan Ferguson 98/99 Everton €10.70m
41%
Departures Scotland ST 28 Duncan Ferguson 00/01 Everton €5.40m
41%
Arrivals Argentina CB 26 Fabricio Coloccini 08/09 Deportivo La Coruña €13.00m
41%
Arrivals Argentina CB 29 Federico Fernández 18/19 Swansea City €6.70m
41%
Arrivals Wales CM 28 Gary Speed 97/98 Everton €8.25m
41%
Departures Wales CM 34 Gary Speed 04/05 Bolton Wanderers €1.13m
41%
Arrivals England RM 18 James Milner 04/05 Leeds United €7.40m
41%
Departures England RM 22 James Milner 08/09 Aston Villa €15.00m
41%
Arrivals England ST 28 Les Ferdinand 95/96 Queens Park Rangers €9.50m
41%
Departures England ST 30 Les Ferdinand 97/98 Tottenham Hotspur €9.50m
41%
Arrivals France ST 26 Loïc Rémy 13/14 Queens Park Rangers €2.30m
41%
Arrivals Netherlands ST 23 Luuk de Jong 13/14 Borussia Mönchengladbach €1.50m
41%
Arrivals Belgium GK 24 Matz Sels 16/17 Gent €6.60m
41%
Departures Belgium GK 26 Matz Sels 18/19 Strasbourg €4.00m
41%
Arrivals Peru RM 23 Nolberto Solano 98/99 Boca Juniors €4.00m
41%
Arrivals Peru RM 30 Nolberto Solano 05/06 Aston Villa €2.25m
41%
Departures Peru RM 29 Nolberto Solano 03/04 Aston Villa €2.00m
41%
Arrivals Netherlands AM 25 Siem de Jong 14/15 Ajax €8.70m
41%
Departures Netherlands AM 28 Siem de Jong 17/18 Ajax €2.30m
41%
Departures England CM 16 Bobby Clark 21/22 Liverpool €1.50m
36%
Arrivals Ireland CB 26 Ciaran Clark 16/17 Aston Villa €6.00m
36%
Arrivals England LB 29 Danny Rose 19/20 Tottenham Hotspur €2.00m
36%
Arrivals Netherlands RB 24 Daryl Janmaat 14/15 Feyenoord €6.00m
36%
Departures Netherlands RB 27 Daryl Janmaat 16/17 Watford €8.90m
36%
Arrivals Italy LB 20 Davide Santon 11/12 Inter Milan €5.65m
36%
Departures Italy LB 24 Davide Santon 15/16 Inter Milan €3.70m
36%
Arrivals United States RB 23 DeAndre Yedlin 16/17 Tottenham Hotspur €5.90m
36%
Arrivals England ST 26 Dwight Gayle 16/17 Crystal Palace €12.00m
36%
Departures England ST 28 Dwight Gayle 18/19 West Bromwich Albion €2.00m
36%
Arrivals Colombia ST 26 Faustino Asprilla 95/96 Parma €7.60m
36%
Departures Colombia ST 28 Faustino Asprilla 98/99 Parma €6.80m
36%
Arrivals Scotland CB 24 Grant Hanley 16/17 Blackburn Rovers €6.60m
36%
Departures Scotland CB 25 Grant Hanley 17/18 Norwich City €3.80m
36%
Arrivals England CM 24 Joey Barton 07/08 Manchester City €8.60m
36%
Arrivals Argentina LM 24 Jonás Gutiérrez 08/09 Mallorca €5.80m
36%
Arrivals Spain LB 21 José Enrique 07/08 Villarreal €8.70m
36%
Departures Spain LB 25 José Enrique 11/12 Liverpool €8.00m
36%
Arrivals Wales GK 23 Karl Darlow 14/15 Nottingham Forest €5.00m
36%
Departures England CM 24 Lee Clark 96/97 Sunderland €3.25m
36%
Arrivals France AM 24 Rémy Cabella 14/15 Montpellier €10.00m
36%
Departures France AM 26 Rémy Cabella 16/17 Marseille €8.00m
36%
Arrivals England RB 26 Warren Barton 95/96 Wimbledon €4.50m
36%
Arrivals Japan ST 26 Yoshinori Mutō 18/19 Mainz €10.70m
36%
Departures England ST 21 Adam Armstrong 18/19 Blackburn Rovers €1.90m
32%
Arrivals Wales LW 21 Craig Bellamy 01/02 Coventry City €9.00m
32%
Departures Wales LW 25 Craig Bellamy 05/06 Blackburn Rovers €7.50m
32%
Arrivals Turkey CM 24 Emre Belözoğlu 05/06 Inter Milan €5.00m
32%
Departures Turkey CM 27 Emre Belözoğlu 08/09 Fenerbahçe €4.50m
32%
Arrivals France CB 26 Florian Lejeune 17/18 Eibar €10.00m
32%
Arrivals France RW 22 Gabriel Obertan 11/12 Manchester United €3.40m
32%
Arrivals France AM 23 Hatem Ben Arfa 10/11 Marseille €6.00m
32%
Arrivals France AM 23 Hatem Ben Arfa 10/11 Marseille €2.50m
32%
Arrivals Algeria ST 29 Islam Slimani 17/18 Leicester City €2.20m
32%
Arrivals Spain RB 23 Javier Manquillo 17/18 Atlético Madrid €5.00m
32%
Arrivals France CB 23 Mapou Yanga-Mbiwa 12/13 Montpellier €8.00m
32%
Departures France CB 25 Mapou Yanga-Mbiwa 14/15 Roma €7.35m
32%
Departures France CB 25 Mapou Yanga-Mbiwa 14/15 Roma €1.26m
32%
Arrivals Senegal CM 29 Mohamed Diamé 16/17 Hull City €5.40m
32%
Arrivals England CM 24 Scott Parker 05/06 Chelsea €9.50m
32%
Departures England CM 26 Scott Parker 07/08 West Ham United €10.25m
32%
Arrivals Curaçao DM 23 Vurnon Anita 12/13 Ajax €8.50m
32%
Arrivals Morocco LB 24 Achraf Lazaar 16/17 Palermo €2.85m
27%
Arrivals Germany DM 24 Dietmar Hamann 98/99 Bayern Munich €7.50m
27%
Departures Germany DM 25 Dietmar Hamann 99/00 Liverpool €12.00m
27%
Departures England GK 24 Fraser Forster 12/13 Celtic €2.50m
27%
Arrivals Scotland RB 21 Harrison Ashby 22/23 West Ham United €3.40m
27%
Arrivals England CM 18 Jermaine Jenas 01/02 Nottingham Forest €7.50m
27%
Departures England CM 22 Jermaine Jenas 05/06 Tottenham Hotspur €15.00m
27%
Arrivals England AM 26 Kevin Nolan 08/09 Bolton Wanderers €4.50m
27%
Departures England AM 29 Kevin Nolan 11/12 West Ham United €3.40m
27%
Arrivals England DM 29 Nicky Butt 04/05 Manchester United €3.75m
27%
Arrivals England SS 32 Peter Beardsley 93/94 Everton €1.70m
27%
Departures England SS 26 Peter Beardsley 87/88 Liverpool €2.15m
27%
Arrivals Spain LW 27 Albert Luque 05/06 Deportivo La Coruña €20.00m
23%
Departures Spain LW 29 Albert Luque 07/08 Ajax €8.00m
23%
Arrivals Senegal AM 25 Henri Saivet 15/16 Bordeaux €6.00m
23%
Arrivals France CB 25 Jean-Alain Boumsong 04/05 Rangers €11.30m
23%
Departures France CB 26 Jean-Alain Boumsong 06/07 Juventus €4.00m
23%
Departures DR Congo LW 21 Kazenga LuaLua 12/13 Brighton & Hove Albion €1.28m
23%
Arrivals England RM 20 Kieron Dyer 99/00 Ipswich Town €9.00m
23%
Departures England RM 28 Kieron Dyer 07/08 West Ham United €12.00m
23%
Arrivals DR Congo ST 19 Lomana LuaLua 00/01 Colchester United €3.75m
23%
Departures DR Congo ST 23 Lomana LuaLua 04/05 Portsmouth €2.25m
23%
Arrivals Austria RM 23 Valentino Lazaro 19/20 Inter Milan €1.50m
23%
Arrivals France LW 26 Yoan Gouffran 12/13 Bordeaux €2.00m
23%
Departures Northern Ireland CB 25 Aaron Hughes 05/06 Aston Villa €1.50m
18%
Arrivals England CM 21 Danny Guthrie 08/09 Liverpool €4.30m
18%
Arrivals Martinique ST 24 Emmanuel Rivière 14/15 Monaco €6.32m
18%
Departures Martinique ST 27 Emmanuel Rivière 17/18 Metz €1.10m
18%
Arrivals Argentina ST 23 Facundo Ferreyra 14/15 Shakhtar Donetsk €2.00m
18%
Arrivals Portugal CM 19 Hugo Viana 02/03 Sporting CP €12.75m
18%
Departures Portugal CM 23 Hugo Viana 06/07 Valencia €2.30m
18%
Arrivals Jamaica DM 21 Isaac Hayden 16/17 Arsenal €2.90m
18%
Arrivals France LW 26 Laurent Robert 01/02 Paris Saint-Germain €14.33m
18%
Departures France LW 30 Laurent Robert 05/06 Portsmouth €2.30m
18%
Departures England RB 24 Steve Watson 98/99 Aston Villa €6.00m
18%
Arrivals England RW 25 Wayne Routledge 09/10 Queens Park Rangers €2.00m
18%
Departures England RW 26 Wayne Routledge 11/12 Swansea City €3.25m
18%
Arrivals Guyana ST 22 Carl Cort 00/01 Wimbledon €10.50m
14%
Departures Guyana ST 26 Carl Cort 03/04 Wolverhampton Wanderers €3.00m
14%
Departures France RW 22 Charles N'Zogbia 08/09 Wigan Athletic €6.40m
14%
Arrivals Chile CM 25 Clarence Acuña 00/01 Universidad de Chile €1.50m
14%
Arrivals England DM 27 David Batty 95/96 Blackburn Rovers €5.15m
14%
Departures England DM 30 David Batty 98/99 Leeds United €6.35m
14%
Arrivals Senegal RB 29 Habib Beye 07/08 Marseille €2.80m
14%
Departures Senegal RB 31 Habib Beye 09/10 Aston Villa €2.90m
14%
Arrivals Denmark ST 20 Jon Dahl Tomasson 97/98 Heerenveen €3.90m
14%
Departures Denmark ST 21 Jon Dahl Tomasson 98/99 Feyenoord €3.20m
14%
Departures England CM 29 Lee Bowyer 06/07 West Ham United €1.13m
14%
Arrivals Ireland ST 23 Leon Best 09/10 Coventry City €2.30m
14%
Departures Ireland ST 25 Leon Best 12/13 Blackburn Rovers €3.80m
14%
Arrivals Mali LB 20 Massadio Haïdara 12/13 Nancy €2.50m
14%
Departures England AM 21 Paul Gascoigne 88/89 Tottenham Hotspur €5.20m
14%
Arrivals Cameroon CB 21 Sébastien Bassong 08/09 Metz €1.80m
14%
Departures Cameroon CB 23 Sébastien Bassong 09/10 Tottenham Hotspur €9.30m
14%
Departures Georgia RW 32 Temur Ketsbaia 00/01 Wolverhampton Wanderers €1.40m
14%
Arrivals England CB 20 Titus Bramble 02/03 Ipswich Town €6.80m
14%
Arrivals Spain ST 22 Xisco 08/09 Deportivo La Coruña €5.68m
14%
Arrivals Senegal CB 29 Abdoulaye Faye 07/08 Bolton Wanderers €2.80m
9%
Departures Senegal CB 30 Abdoulaye Faye 08/09 Stoke City €2.90m
9%
Arrivals France CB 26 Alain Goma 99/00 Paris Saint-Germain €7.00m
9%
Departures France CB 28 Alain Goma 00/01 Fulham €6.00m
9%
Arrivals Italy LB 21 Alessandro Pistone 97/98 Inter Milan €6.50m
9%
Departures Italy LB 24 Alessandro Pistone 00/01 Everton €4.50m
9%
Arrivals Senegal DM 27 Amdy Faye 04/05 Portsmouth €3.00m
9%
Departures Senegal DM 29 Amdy Faye 06/07 Charlton Athletic €3.00m
9%
Arrivals Ireland CB 21 Andy O'Brien 00/01 Bradford City €3.00m
9%
Departures Ireland CB 26 Andy O'Brien 05/06 Portsmouth €3.00m
9%
Arrivals Czech Republic CB 26 David Rozehnal 07/08 Paris Saint-Germain €4.30m
9%
Departures Czech Republic CB 27 David Rozehnal 08/09 Lazio €3.60m
9%
Departures Czech Republic CB 27 David Rozehnal 07/08 Lazio €1.00m
9%
Arrivals France LB 20 Didier Domi 98/99 Paris Saint-Germain €5.58m
9%
Departures France LB 22 Didier Domi 00/01 Paris Saint-Germain €5.34m
9%
Arrivals Paraguay DM 19 Diego Gavilán 99/00 Cerro Porteño €3.00m
9%
Arrivals Northern Ireland RM 19 Keith Gillespie 94/95 Manchester United €1.50m
9%
Departures Northern Ireland RM 23 Keith Gillespie 98/99 Blackburn Rovers €3.50m
9%
Departures France RB 27 Laurent Charvet 00/01 Manchester City €1.50m
9%
Arrivals Spain CB 27 Marcelino Elena 99/00 Mallorca €6.70m
9%
Arrivals Greece CB 24 Nikos Dabizas 97/98 Olympiacos €2.00m
9%
Departures England ST 21 Paul Robinson 00/01 Wimbledon €2.25m
9%
Departures England LB 23 Robbie Elliott 97/98 Bolton Wanderers €3.48m
9%
Arrivals Montserrat CM 26 Ruel Fox 93/94 Norwich City €2.50m
9%
Departures Montserrat CM 27 Ruel Fox 95/96 Tottenham Hotspur €4.75m
9%
Arrivals Trinidad & Tobago GK 26 Shaka Hislop 95/96 Reading €2.20m
9%
Arrivals Croatia AM 23 Silvio Marić 98/99 Dinamo Zagreb €5.80m
9%
Departures Wales CB 22 Alan Neilson 95/96 Southampton €1.20m
5%
Arrivals England RB 18 Andy Griffin 97/98 Stoke City €2.50m
5%
Arrivals Argentina AM 27 Christian Bassedas 00/01 Vélez Sarsfield €5.30m
5%
Arrivals England RM 19 Darren Ambrose 02/03 Ipswich Town €1.50m
5%
Departures England RM 21 Darren Ambrose 05/06 Charlton Athletic €1.60m
5%
Departures England ST 20 Darren Huckerby 96/97 Coventry City €1.00m
5%
Arrivals England CB 26 Darren Peacock 93/94 Queens Park Rangers €5.00m
5%
Arrivals England CM 20 Des Hamilton 97/98 Bradford City €3.00m
5%
Departures England AM 25 Gavin Peacock 93/94 Chelsea €1.70m
5%
Departures England LB 31 John Beresford 97/98 Southampton €1.60m
5%
Arrivals Scotland ST 23 John Robertson 87/88 Hearts €1.40m
5%
Departures Scotland ST 24 John Robertson 88/89 Hearts €1.50m
5%
Departures England CB 27 Kevin Scott 93/94 Tottenham Hotspur €1.10m
5%
Departures England CB 17 Lewis Gibson 17/18 Everton €1.10m
5%
Departures Switzerland RB 27 Marc Hottiger 95/96 Everton €1.01m
5%
Arrivals England ST 23 Paul Kitson 94/95 Derby County €3.38m
5%
Departures England ST 26 Paul Kitson 96/97 West Ham United €3.50m
5%
Arrivals France ST 27 Stéphane Guivarc'h 98/99 Auxerre €4.00m
5%
Departures France ST 28 Stéphane Guivarc'h 98/99 Rangers €4.00m
5%
Departures England CB 27 Steve Howey 99/00 Manchester City €4.60m
5%
Departures France CB 31 Franck Dumas 99/00 Marseille €1.60m
0%
No matching quizzes found
Score Distribution
Percent of People with Each Score
Percentile by Number Answered
Your Score History
You have not taken this quiz since the last reset